Southville International School and Colleges
Your cart is empty.
  • Cart
  • Lists
    Public lists Eva Luna New books Lux_list list_1
    Your lists Log in to create your own lists
  • Log in to your account
  • Your cookies
  • Search history
Southville International School and Colleges
  • Advanced search
  • Recent comments
  • Most popular
  • Libraries

Log in to your account

Log in with GOOGLE


If you do not have an external account, but do have a local account, you can still log in:

  1. Home
  2. MARC view: Philippine myths and legends /
Normal view MARC view ISBD view

Philippine myths and legends / (Record no. 291704)

[ view plain ]
MARC details
000 -LEADER
fixed length control field 00628nam a2200229Ia 4500
008 - FIXED-LENGTH DATA ELEMENTS--GENERAL INFORMATION
fixed length control field 160319s9999 xx 000 0 und d
020 ## - INTERNATIONAL STANDARD BOOK NUMBER
International Standard Book Number 971-08-5371-6
050 ## - LIBRARY OF CONGRESS CALL NUMBER
Classification number FIL BL 2130
050 ## - LIBRARY OF CONGRESS CALL NUMBER
Item number .A68 1992
100 ## - MAIN ENTRY--PERSONAL NAME
Personal name Aquino, Gaudencio V.
245 ## - TITLE STATEMENT
Title Philippine myths and legends /
245 ## - TITLE STATEMENT
Statement of responsibility, etc Gaudencio V. Aquino.
260 ## - PUBLICATION, DISTRIBUTION, ETC. (IMPRINT)
Place of publication, distribution, etc Mandaluyong:
260 ## - PUBLICATION, DISTRIBUTION, ETC. (IMPRINT)
Name of publisher, distributor, etc National Books Store,
260 ## - PUBLICATION, DISTRIBUTION, ETC. (IMPRINT)
Date of publication, distribution, etc 1992
300 ## - PHYSICAL DESCRIPTION
Extent 255 pages :
300 ## - PHYSICAL DESCRIPTION
Other physical details illustrations ;
300 ## - PHYSICAL DESCRIPTION
Dimensions 22 cm.
650 ## - SUBJECT ADDED ENTRY--TOPICAL TERM
Topical term or geographic name as entry element Mythology -- Philippines.
650 ## - SUBJECT ADDED ENTRY--TOPICAL TERM
Topical term or geographic name as entry element Philippines -- Social life and customs.
650 ## - SUBJECT ADDED ENTRY--TOPICAL TERM
General subdivision Folklore -- Philippines.
Holdings
Withdrawn status Lost status Damaged status Home library Current library Shelving location Date acquired Cost, normal purchase price Total Checkouts Full call number Barcode Date last seen Price effective from Koha item type
      South Mansfield College South Mansfield College Filipiniana Section   145.00   FIL BL 2130 .A68 1992 SMC00135 03/19/2016 03/19/2016  

Philippine myths and legends /

APA

Aquino G. V., .Philippine myths and legends. Mandaluyong: .

Chicago

Aquino Gaudencio V, .Philippine myths and legends. Mandaluyong: .

Harvard

Aquino G. V., .Philippine myths and legends. Mandaluyong: .

MLA

Aquino Gaudencio V, .Mandaluyong: . .

  • Place hold
  • Print
  • Cite
  • Add to your cart (remove)
  • Save record
    BIBTEX Dublin Core MARCXML MARC (non-Unicode/MARC-8) MARC (Unicode/UTF-8) MARC (Unicode/UTF-8, Standard) MODS (XML) RIS
  • More searches
    Search for this title in:
    Other Libraries (WorldCat) Other Databases (Google Scholar) Online Stores (Bookfinder.com) Open Library (openlibrary.org)

Exporting to Dublin Core...

SOUTHVILLE LIBRARY

Southville International School and Colleges Library

1281 Tropical Ave. Cor. Luxembourg St., BF Homes International, Las Pinas City

Tel. No. 8256374 / 252358 Loc. 117/146

Powered by Koha